Score 0/12 Timer 01:00
0 Plays Today
% Correct
↙LOVE↙
98.3%
LONE
96.1%
→THE→
96%
DONE
93.7%
DOVE
93.1%
TOE
92.8%
→SAVE
91.8%
TOO
88.4%
→YOU→
87.2%
DAVE
85.6%
LOO
85.1%
LOU
81.4%

Today's Daily Dose

Missing Word
'Song' Songs (A-Z)

Word Ladder
Nervous System

Get the Picture
NFL Bird Teams

Remove Ads.
Support Sporcle.
Get the best of Sporcle when you Go Orange. This ad-free experience offers more features, more stats, and more fun while also helping to support Sporcle. Thank you for becoming a member.

You're not logged in!

Compare scores with friends on all Sporcle quizzes.
OR
Log In

Sporcle TV

Today on Sporcle TV


Watch our educational content, quiz creation guides, and fun videos on Sporcle TV.

Show Comments

Extras

Top Quizzes Today


Score Distribution

Paid Content

Your Account Isn't Verified!

In order to create a playlist on Sporcle, you need to verify the email address you used during registration. Go to your Sporcle Settings to finish the process.

Report this User

Report this user for behavior that violates our Community Guidelines.

Details: